000 00376nam a2200157Ia 4500
008 221030s9999 xx 000 0 und d
041 _aEnglish
082 _a105.23
_bMar
100 _aS. H. Maron
245 0 _aPrinciples of Physical Chemistry
260 _bOxford & IBH
_aNew Delhi
_c1972
300 _a886
650 _aChemistry
700 _aC. F. Prutton
942 _cBK
999 _c1185
_d1185